Administración de Proyectos (Record no. 11467)

MARC details
000 -CABECERA
campo de control de longitud fija 00838nam a2200253 4500
003 - IDENTIFICADOR DEL NÚMERO DE CONTROL
campo de control OSt
005 - FECHA Y HORA DE LA ÚLTIMA TRANSACCIÓN
campo de control 20260530113851.0
008 - DATOS DE LONGITUD FIJA--INFORMACIÓN GENERAL
campo de control de longitud fija 260420b1992 mx a|||| |||| 00| 0 spa d
020 ## - NÚMERO INTERNACIONAL ESTÁNDAR DEL LIBRO
Número Internacional Estándar del Libro 9706250123
040 ## - FUENTE DE LA CATALOGACIÓN
Centro catalogador/agencia de origen ICI
Lengua de catalogación spa
Centro/agencia transcriptor ICI
050 ## - SIGNATURA TOPOGRÁFICA DE LA BIBLIOTECA DEL CONGRESO
Número de clasificación HD69.P75
Número de documento/Ítem H3918
100 1# - ENTRADA PRINCIPAL--NOMBRE DE PERSONA
Nombre de persona Haynes, Marion E.,
9 (RLIN) 31271
240 ## - TÍTULO UNIFORME
Título uniforme Project management
Lenguaje de la obra Español
245 10 - MENCIÓN DE TÍTULO
Título Administración de Proyectos
Resto del título Desde la idea hasta la implantacion
Mención de responsabilidad, etc. Marion e. haynes ; tr. al español por Héctor g. Tejera
264 #1 - PRODUCCIÓN, PUBLICACIÓN, DISTRIBUCIÓN, FABRICACIÓN Y COPYRIGHT
Nombre del de productor, editor, distribuidor, fabricante Iberoamérica
Fecha de producción, publicación, distribución, fabricación o copyright 1992
Producción, publicación, distribución, fabricación y copyright México, d.f.
300 ## - DESCRIPCIÓN FÍSICA
Extensión 85 páginas
Otras características físicas 25.3 cm.
336 ## - TIPO DE CONTENIDO
Término de tipo de contenido texto
Fuente rdacontent
337 ## - TIPO DE MEDIO
Nombre/término del tipo de medio sin medio
Fuente rdamedia
338 ## - TIPO DE SOPORTE
Nombre/término del tipo de soporte volumen
Fuente rdacarrier
650 ## - PUNTO DE ACCESO ADICIONAL DE MATERIA--TÉRMINO DE MATERIA
Término de materia o nombre geográfico como elemento de entrada Administración de proyectos
9 (RLIN) 31272
700 #1 - PUNTO DE ACCESO ADICIONAL--NOMBRE DE PERSONA
Nombre de persona Tejera, Héctor G.,
Término indicativo de función/relación traductor
9 (RLIN) 31273
700 #1 - PUNTO DE ACCESO ADICIONAL--NOMBRE DE PERSONA
Nombre de persona Haynes, Marion E.
9 (RLIN) 31271
942 ## - ELEMENTOS DE PUNTO DE ACCESO ADICIONAL (KOHA)
Fuente del sistema de clasificación o colocación Dewey Decimal Classification
Tipo de ítem Koha

No items available.